FORTUNE IS A WOMAN (Record no. 66548)
[ view plain ]
| 000 -LEADER | |
|---|---|
| fixed length control field | 00321nam a22001337a 4500 |
| 003 - CONTROL NUMBER IDENTIFIER | |
| control field | OSt |
| 005 - DATE AND TIME OF LATEST TRANSACTION | |
| control field | 20251009120845.0 |
| 008 - FIXED-LENGTH DATA ELEMENTS--GENERAL INFORMATION | |
| fixed length control field | 251009b |||||||| |||| 00| 0 eng d |
| 040 ## - CATALOGING SOURCE | |
| Transcribing agency | IIMT UNIVERSITY |
| 100 ## - MAIN ENTRY--PERSONAL NAME | |
| Personal name | GRAHAM, WINSTON |
| 245 ## - TITLE STATEMENT | |
| Title | FORTUNE IS A WOMAN |
| 260 ## - PUBLICATION, DISTRIBUTION, ETC. | |
| Place of publication, distribution, etc. | DELHI |
| Name of publisher, distributor, etc. | COLLINS FONTANA |
| Date of publication, distribution, etc. | 1972 |
| 942 ## - ADDED ENTRY ELEMENTS (KOHA) | |
| Source of classification or shelving scheme | |
| Koha item type | Text-Book- for 7 days |
| Withdrawn status | Lost status | Source of classification or shelving scheme | Damaged status | Not for loan | Home library | Current library | Date acquired | Source of acquisition | Barcode | Date last seen | Uniform Resource Identifier | Price effective from | Koha item type |
|---|---|---|---|---|---|---|---|---|---|---|---|---|---|
| IIMT UNIVERSITY CENTRAL LIBRARY ( GENERAL/ GIFTED BOOKS) | IIMT UNIVERSITY CENTRAL LIBRARY ( GENERAL/ GIFTED BOOKS) | 10/09/2025 | CHAIRMEN SIR | 28-S-4653 | 10/09/2025 | novel of suspense | 10/09/2025 | Text-Book- for 7 days |

